[Event "DEM U12/U12w 2009"]
[Site "Willingen GER"]
[Date "2009.06.04"]
[Round "8"]
[White "Herbst, Timothy"]
[Black "Scheel, Henrik"]
[Result "0-1"]
[Termination "normal"]
[Board "19"]
[WhiteElo "1416"]
[BlackElo "1626"]
[PlyCount "152"]
[WhiteFideId "12900346"]
[BlackFideId "24692115"]
[EventCountry "GER"]
[EventRounds "11"]
[EventType "swiss"]
[EventDate "2009.05.30"]

1. e4 e5 2. Bc4 Nf6 3. d4 Qe7 4. Nf3 d6 5. Bg5 h6 6. Bxf6 Qxf6 7. Nc3 c6 8. h3
Be7 9. Qd3 O-O 10. O-O-O b5 11. Bb3 a5 12. a4 b4 13. Ne2 Nd7 14. h4 Nb6 15.
Rdg1 Ba6 16. Qd1 Bxe2 17. Qxe2 exd4 18. Qd3 c5 19. Bd5 Rac8 20. b3 Nxd5 21.
exd5 Qg6 22. Qe2 Rfe8 23. Qd1 Qe4 24. Re1 Qxd5 25. Re2 Bf6 26. Rxe8+ Rxe8 27.
Qd3 Qc6 28. g4 c4 29. bxc4 Qxa4 30. Kd2 Be5 31. Nxe5 dxe5 32. Rb1 Qc6 33. f3
Qf6 34. Rh1 Qf4+ 35. Ke2 e4 36. fxe4 Rxe4+ 37. Kd1 Re3 38. Qf1 Qxf1+ 39. Rxf1
a4 40. Kd2 Kf8 41. Rb1 b3 42. cxb3 axb3 43. c5 Rc3 44. c6 Rxc6 45. Rxb3 Rg6 46.
Rg3 Ke7 47. Kd3 Rd6 48. Rf3 Ke6 49. Rf4 Rd5 50. Re4+ Kf6 51. Rxd4 Rxd4+ 52.
Kxd4 h5 53. gxh5 Kf5 54. Ke3 Kg4 55. h6 gxh6 56. Ke4 f5+ 57. Ke3 f4+ 58. Ke2
Kxh4 59. Kf3 Kg5 60. Kg2 Kg4 61. Kf2 f3 62. Kf1 Kf4 63. Kf2 h5 64. Kf1 Ke3 65.
Ke1 f2+ 66. Kf1 h4 67. Kg2 Ke2 68. Kh2 f1=R 69. Kg2 Ra1 70. Kh3 Kf3 71. Kxh4
Rg1 72. Kh5 Kf4 73. Kh6 Kf5 74. Kh7 Kf6 75. Kh8 Kf7 76. Kh7 Rh1# 0-1

[Event "DEM U12/U12w 2009"]
[Site "Willingen GER"]
[Date "2009.06.04"]
[Round "8"]
[White "Sabirov, Ramil"]
[Black "Schmitt, Carsten"]
[Result "1/2-1/2"]
[Termination "normal"]
[Board "20"]
[WhiteElo "1518"]
[BlackElo "1624"]
[PlyCount "98"]
[WhiteFideId "12900303"]
[BlackFideId "24661040"]
[EventCountry "GER"]
[EventRounds "11"]
[EventType "swiss"]
[EventDate "2009.05.30"]

1. e4 c5 2. Nf3 Nc6 3. d3 g6 4. g3 Bg7 5. Bg2 d6 6. O-O Bg4 7. h3 Bd7 8. Na3 a6
9. Nc4 b5 10. Ne3 Nf6 11. Bd2 O-O 12. Nh4 Rc8 13. f4 e6 14. Qe1 d5 15. e5 Ne8
16. Nf3 f6 17. Ng4 f5 18. Nf2 Nc7 19. Ng5 Nd4 20. Qd1 Na8 21. g4 Bh6 22. h4 Bg7
23. h5 h6 24. Nf3 Nxf3+ 25. Qxf3 gxh5 26. gxh5 Qh4 27. Qh3 Qxh3 28. Nxh3 Be8
29. Bf3 Kh7 30. Kh2 Rg8 31. Rg1 Bf7 32. Rac1 Nb6 33. Rg3 Bh8 34. Rcg1 Rxg3 35.
Rxg3 Rg8 36. Rxg8 Kxg8 37. Ba5 Nd7 38. Bc7 c4 39. d4 Bg7 40. Nf2 Bf8 41. a3 Be7
42. Kh3 Kf8 43. c3 Ke8 44. Nh1 Nf8 45. Ng3 Kd7 46. Ba5 Kc6 47. Nf1 Nd7 48. Ne3
Nb6 49. Nd1 Na4 1/2-1/2

[Event "DEM U12/U12w 2009"]
[Site "Willingen GER"]
[Date "2009.06.04"]
[Round "8"]
[White "Knopf, Felix"]
[Black "Keller, Peter"]
[Result "1/2-1/2"]
[Termination "normal"]
[Board "21"]
[WhiteElo "1741"]
[BlackElo "1458"]
[PlyCount "110"]
[WhiteFideId "24692204"]
[BlackFideId "1272105"]
[EventCountry "GER"]
[EventRounds "11"]
[EventType "swiss"]
[EventDate "2009.05.30"]

1. d4 d5 2. c4 e6 3. cxd5 exd5 4. Nc3 c5 5. dxc5 d4 6. Na4 Bd7 7. Qxd4 Nc6 8.
Qe4+ Be7 9. Nf3 Nf6 10. Qc2 Nb4 11. Qb3 Qa5 12. Bd2 Nfd5 13. Nc3 Nxc3 14. Qxc3
Qxc5 15. Qxc5 Bxc5 16. Rc1 b6 17. a3 Nc6 18. e3 O-O 19. Bb5 Rac8 20. O-O Nb8
21. Bxd7 Nxd7 22. b4 Bd6 23. Bc3 Rfd8 24. Rfd1 Be7 25. Bb2 Nf6 26. Kf1 Rxd1+
27. Rxd1 Rc2 28. Rd2 Rc7 29. Ne1 Ne4 30. Rd4 f5 31. Rd5 g6 32. Be5 Rb7 33. f3
Nf6 34. Rd2 Kf7 35. Ke2 Ke6 36. Bb2 Nd7 37. Nd3 Bd6 38. Kf2 Rc7 39. e4 fxe4 40.
fxe4 Ne5 41. Nf4+ Kf7 42. Rxd6 Rc2+ 43. Kg3 Rxb2 44. Nd5 Rb3+ 45. Kf4 Nd3+ 46.
Kg5 Rxa3 47. Rd7+ Ke6 48. Re7+ Kd6 49. Kf6 Ra2 50. Rxh7 Rxg2 51. Rxa7 Rxh2 52.
Nxb6 Nxb4 53. Nc8+ Kc6 54. Kxg6 Nd3 55. Kf5 Rf2+ 1/2-1/2

[Event "DEM U12/U12w 2009"]
[Site "Willingen GER"]
[Date "2009.06.04"]
[Round "8"]
[White "Tennert, Simon"]
[Black "Gröning, Finn Jonathan"]
[Result "1-0"]
[Termination "normal"]
[Board "22"]
[WhiteElo "1729"]
[BlackElo "1513"]
[PlyCount "181"]
[WhiteFideId "1270445"]
[BlackFideId "1271634"]
[EventCountry "GER"]
[EventRounds "11"]
[EventType "swiss"]
[EventDate "2009.05.30"]

1. e4 c6 2. d4 d5 3. e5 Bf5 4. Ne2 e6 5. Ng3 Bg6 6. h4 h6 7. h5 Bh7 8. Bd3 Bxd3
9. Qxd3 Qa5+ 10. c3 Qa6 11. Qxa6 Nxa6 12. O-O Ne7 13. Nd2 c5 14. Nb3 Nc6 15. a3
cxd4 16. cxd4 Be7 17. f4 Bh4 18. Ne2 O-O 19. g3 Be7 20. Bd2 f6 21. Kg2 fxe5 22.
fxe5 Rxf1 23. Rxf1 Rf8 24. Rxf8+ Kxf8 25. Nf4 Nc7 26. Ne2 b6 27. Kf3 a5 28. Ke3
Nb5 29. Kd3 Kf7 30. Na1 Bf8 31. Nc2 g5 32. hxg6+ Kxg6 33. Nf4+ Kf7 34. Be3 a4
35. Bd2 Ne7 36. g4 Nc6 37. Ne2 Kg6 38. Nf4+ Kf7 39. Nh3 Nbxd4 40. Nxd4 Nxe5+
41. Ke2 Nxg4 42. Nf2 Nxf2 43. Kxf2 Bc5 44. Be3 Bxd4 45. Bxd4 b5 46. Kf3 Kg6 47.
Kf4 h5 48. Bf2 Kf6 49. Bh4+ Kg6 50. Ke5 Kf7 51. Bg5 Kg6 52. Bd8 Kf7 53. Bh4 Kg6
54. Kf4 Kh6 55. Bf6 Kg6 56. Bh4 Kf7 57. Kg5 e5 58. Kf5 d4 59. Ke4 Ke6 60. Bg3
d3 61. Kxd3 Kd5 62. Bh4 e4+ 63. Ke3 Ke5 64. Bd8 Kf5 65. Bc7 h4 66. Bb8 h3 67.
Bh2 Kg5 68. Kxe4 Kg4 69. Kd5 Kf3 70. Kc5 Kg2 71. Bc7 h2 72. Bxh2 Kxh2 73. Kxb5
Kg3 74. Kxa4 Kf4 75. Kb5 Ke5 76. a4 Kd6 77. Kb6 Kd7 78. Kb7 Kd6 79. a5 Kc5 80.
a6 Kb4 81. a7 Kb3 82. a8=Q Kxb2 83. Qa4 Kc3 84. Qe4 Kb3 85. Qd4 Kc2 86. Kb6 Kb1
87. Qd2 Ka1 88. Kb5 Kb1 89. Kb4 Ka1 90. Kb3 Kb1 91. Qd1# 1-0

[Event "DEM U12/U12w 2009"]
[Site "Willingen GER"]
[Date "2009.06.04"]
[Round "8"]
[White "Hirschmann, Jakob"]
[Black "Damm, Nils"]
[Result "1/2-1/2"]
[Termination "normal"]
[Board "24"]
[WhiteElo "1678"]
[BlackElo "1458"]
[PlyCount "63"]
[WhiteFideId "24652067"]
[BlackFideId "24693065"]
[EventCountry "GER"]
[EventRounds "11"]
[EventType "swiss"]
[EventDate "2009.05.30"]

1. e4 e5 2. Nf3 Nc6 3. Bc4 Nf6 4. d3 Bc5 5. O-O d6 6. c3 Bb6 7. Nbd2 O-O 8. h3
a6 9. Re1 Na5 10. Bb3 Nxb3 11. Nxb3 Re8 12. Qc2 Be6 13. Be3 a5 14. Ng5 Bxe3 15.
Rxe3 h6 16. Nxe6 fxe6 17. Rae1 a4 18. Nd2 c5 19. Nf1 Qc7 20. Qc1 Kh7 21. Ng3 b5
22. Qd2 Qb6 23. Ne2 d5 24. f4 d4 25. Rf3 exf4 26. cxd4 cxd4 27. e5 Nd5 28. Nxf4
Nxf4 29. Rxf4 Red8 30. Ref1 Rd5 31. Qe2 Qc7 32. Re1 1/2-1/2

[Event "DEM U12/U12w 2009"]
[Site "Willingen GER"]
[Date "2009.06.04"]
[Round "8"]
[White "Priese, Annika"]
[Black "Ruff, Maximilian"]
[Result "0-1"]
[Termination "normal"]
[Board "25"]
[WhiteElo "1446"]
[BlackElo "1651"]
[PlyCount "54"]
[WhiteFideId "24673730"]
[BlackFideId "1271670"]
[EventCountry "GER"]
[EventRounds "11"]
[EventType "swiss"]
[EventDate "2009.05.30"]

1. e4 e5 2. Bc4 Nc6 3. Nf3 Bc5 4. c3 Nf6 5. d3 O-O 6. O-O d5 7. Bb3 dxe4 8.
dxe4 Qxd1 9. Rxd1 Nxe4 10. Rf1 Bg4 11. Nbd2 Nxd2 12. Nxd2 Rad8 13. Ne4 Bb6 14.
Bg5 Rd7 15. Rae1 Bf5 16. Ng3 Bg6 17. Kh1 h6 18. Bc1 Bd3 19. Ne2 Rfd8 20. h3 Na5
21. Ba4 Rd6 22. b4 Nc4 23. f4 e4 24. f5 Ne3 25. Rf4 Nd5 26. Rg4 Bxe2 27. Rxe2
Nxc3 0-1

[Event "DEM U12/U12w 2009"]
[Site "Willingen GER"]
[Date "2009.06.04"]
[Round "8"]
[White "Hansch, Stephan"]
[Black "Stolberg, Daniel"]
[Result "1/2-1/2"]
[Termination "normal"]
[Board "26"]
[WhiteElo "1791"]
[BlackElo "1412"]
[PlyCount "60"]
[EventCountry "GER"]
[EventRounds "11"]
[EventType "swiss"]
[EventDate "2009.05.30"]

1. d4 Nf6 2. Nf3 e6 3. e3 c5 4. Bd3 b6 5. O-O Bb7 6. Nbd2 d6 7. b3 Be7 8. Bb2
O-O 9. c4 Nbd7 10. Qc2 Rc8 11. Ng5 h6 12. Ngf3 cxd4 13. Nxd4 e5 14. Nf5 Nc5 15.
Nxe7+ Qxe7 16. Be2 Nfe4 17. f3 Nxd2 18. Qxd2 Rcd8 19. Rad1 Qg5 20. Qc3 h5 21.
Rd2 Rd7 22. Bd1 h4 23. f4 exf4 24. exf4 Qh6 25. Bc2 Re8 26. b4 Ne4 27. Bxe4
Rxe4 28. c5 bxc5 29. bxc5 d5 30. Rd4 Bc6 1/2-1/2

[Event "DEM U12/U12w 2009"]
[Site "Willingen GER"]
[Date "2009.06.04"]
[Round "8"]
[White "Hümmecke, Aaron"]
[Black "Senf, Paul"]
[Result "1-0"]
[Termination "normal"]
[Board "27"]
[WhiteElo "1578"]
[BlackElo "1330"]
[PlyCount "65"]
[WhiteFideId "24692522"]
[BlackFideId "12900389"]
[EventCountry "GER"]
[EventRounds "11"]
[EventType "swiss"]
[EventDate "2009.05.30"]

1. e4 c6 2. d4 d5 3. f3 dxe4 4. fxe4 e5 5. Nf3 Bg4 6. Bc4 Nf6 7. Bxf7+ Ke7 8.
Bd2 Na6 9. c3 g6 10. h3 Bd7 11. Nxe5 Bg7 12. Qf3 Nc7 13. c4 a5 14. O-O Bxh3 15.
Qa3+ Qd6 16. Qxd6+ Kxd6 17. gxh3 Nxe4 18. Bf4 Ke7 19. Re1 Bxe5 20. Rxe4 Kxf7
21. Bxe5 Rhe8 22. Nc3 Ne6 23. Rf1+ Kg8 24. Re3 Nxd4 25. Bxd4 Red8 26. Rf4 g5
27. Rfe4 h6 28. Ne2 Rac8 29. Re7 c5 30. Bc3 b6 31. Rg7+ Kf8 32. Rf3+ Ke8 33.
Rg8+ 1-0

[Event "DEM U12/U12w 2009"]
[Site "Willingen GER"]
[Date "2009.06.04"]
[Round "8"]
[White "Pixa, Richard"]
[Black "Jermann, Isabel"]
[Result "1/2-1/2"]
[Termination "normal"]
[Board "28"]
[WhiteElo "1788"]
[BlackElo "1328"]
[PlyCount "99"]
[WhiteFideId "4626095"]
[EventCountry "GER"]
[EventRounds "11"]
[EventType "swiss"]
[EventDate "2009.05.30"]

1. e4 d5 2. exd5 Qxd5 3. Nc3 Qd6 4. d3 Nf6 5. g3 c6 6. Bg2 Bf5 7. Nf3 e6 8. O-O
Qc7 9. Bf4 Bd6 10. Bxd6 Qxd6 11. Re1 h6 12. Nh4 Bh7 13. Qd2 O-O 14. Nf3 Nbd7
15. a3 Rfe8 16. Nd1 Nc5 17. Ne3 Re7 18. Nc4 Qc7 19. Nce5 Rd8 20. Qe3 Qb6 21.
Nc4 Nd5 22. Nxb6 Nxe3 23. Rxe3 axb6 24. Ne5 Rc7 25. f4 Ra8 26. Nc4 b5 27. Nd2
Rd7 28. Kf2 Na4 29. Rb1 b4 30. axb4 Nb6 31. Be4 Nd5 32. Bxh7+ Kxh7 33. Re4 Nf6
34. Rc4 Ra4 35. h3 Nd5 36. c3 Nb6 37. Re4 Rxd3 38. Nf1 Ra8 39. Ke2 Rad8 40. Re3
Rxe3+ 41. Nxe3 Kg8 42. Ra1 f6 43. Ra7 Rd7 44. b3 Nd5 45. Nxd5 exd5 46. Ra8+ Kf7
47. Rb8 Re7+ 48. Kf2 Ke6 49. Kf3 Kd6 50. Kf2 1/2-1/2

[Event "DEM U12/U12w 2009"]
[Site "Willingen GER"]
[Date "2009.06.04"]
[Round "8"]
[White "Müller, Constantin"]
[Black "Bosse, Lea"]
[Result "1-0"]
[Termination "normal"]
[Board "29"]
[WhiteElo "1565"]
[BlackElo "1254"]
[PlyCount "57"]
[WhiteFideId "24697630"]
[BlackFideId "12900419"]
[EventCountry "GER"]
[EventRounds "11"]
[EventType "swiss"]
[EventDate "2009.05.30"]

1. e4 d5 2. exd5 Qxd5 3. Nc3 Qa5 4. d4 Nf6 5. Bc4 Bf5 6. Nf3 e6 7. Bd2 c6 8.
Nd5 Qd8 9. Nxf6+ Qxf6 10. Qe2 Bd6 11. d5 cxd5 12. Bxd5 Qe7 13. Bb3 O-O 14. Nd4
Bg6 15. Nb5 Bc5 16. O-O a6 17. Nc3 Nd7 18. Rfe1 Nf6 19. Bg5 Rfe8 20. Rad1 Rad8
21. Qf3 Rxd1 22. Rxd1 Bf5 23. h3 b6 24. Re1 Rb8 25. Nd5 Qd8 26. Nxf6+ gxf6 27.
Bh6 Qd6 28. Rd1 Qe5 29. Bf4 1-0

[Event "DEM U12/U12w 2009"]
[Site "Willingen GER"]
[Date "2009.06.04"]
[Round "8"]
[White "Oehne, Timo"]
[Black "Hoffmann, Tim"]
[Result "1-0"]
[Termination "normal"]
[Board "30"]
[WhiteElo "1551"]
[BlackElo "1455"]
[PlyCount "107"]
[WhiteFideId "24661635"]
[BlackFideId "12900338"]
[EventCountry "GER"]
[EventRounds "11"]
[EventType "swiss"]
[EventDate "2009.05.30"]

1. Nf3 d5 2. c4 c6 3. e3 Bf5 4. Nc3 Nf6 5. cxd5 cxd5 6. Qb3 Qd7 7. Ne5 Qc7 8.
Bb5+ Nc6 9. Nxc6 bxc6 10. Nxd5 Qd7 11. Nxf6+ exf6 12. Be2 Bd6 13. d4 Rb8 14.
Qd1 O-O 15. O-O Qc7 16. h3 Qd7 17. Bg4 Be6 18. Bxe6 fxe6 19. e4 Rfd8 20. b3 Be5
21. Bb2 Bxd4 22. Bxd4 Qxd4 23. Qxd4 Rxd4 24. f3 e5 25. Rac1 Rc8 26. Rc2 Kf7 27.
Rfc1 Rd6 28. Kf2 Ke6 29. Ke3 g6 30. Rd2 Rcd8 31. Rxc6 f5 32. Rdxd6+ Rxd6 33.
Rxd6+ Kxd6 34. Kd3 Kc5 35. Kc3 a5 36. a3 Kb5 37. b4 a4 38. g4 f4 39. g5 Kb6 40.
Kc4 Kc6 41. b5+ Kd6 42. b6 Kc6 43. b7 Kxb7 44. Kd5 Kb6 45. Kxe5 Kc5 46. Kf6 Kc4
47. e5 Kb3 48. e6 Kxa3 49. e7 Kb3 50. e8=Q a3 51. Qa8 a2 52. Kg7 Kb2 53. Kxh7
a1=Q 54. Qxa1+ 1-0

[Event "DEM U12/U12w 2009"]
[Site "Willingen GER"]
[Date "2009.06.04"]
[Round "8"]
[White "Eichstaedt, Mirko"]
[Black "Kast, Joannis"]
[Result "0-1"]
[Termination "normal"]
[Board "31"]
[WhiteElo "1450"]
[BlackElo "1618"]
[PlyCount "66"]
[WhiteFideId "24692310"]
[BlackFideId "24698776"]
[EventCountry "GER"]
[EventRounds "11"]
[EventType "swiss"]
[EventDate "2009.05.30"]

1. e4 e5 2. Nf3 Nc6 3. Bb5 a6 4. Ba4 Nf6 5. O-O Be7 6. Re1 b5 7. Bb3 O-O 8. a4
Rb8 9. c3 Bb7 10. d4 exd4 11. cxd4 d6 12. Qe2 Ba8 13. axb5 axb5 14. d5 Ne5 15.
Nxe5 dxe5 16. Na3 Qd7 17. Bc2 Rfc8 18. f4 Bd6 19. Bd3 c6 20. dxc6 Bxc6 21. Bd2
exf4 22. e5 Bc5+ 23. Kh1 Nd5 24. Qe4 g6 25. Rac1 Ne3 26. e6 fxe6 27. Qe5 Bxg2+
28. Kg1 Ng4+ 29. Qxc5 Rxc5 30. Rxc5 Qd4+ 31. Kxg2 Qf2+ 32. Kh3 Qxh2+ 33. Kxg4
Qg3# 0-1

[Event "DEM U12/U12w 2009"]
[Site "Willingen GER"]
[Date "2009.06.04"]
[Round "8"]
[White "Gabriel, Liem Thanh"]
[Black "Cech, Tim"]
[Result "1/2-1/2"]
[Termination "normal"]
[Board "32"]
[WhiteElo "1798"]
[BlackElo "1410"]
[PlyCount "64"]
[WhiteFideId "24696005"]
[BlackFideId "1270258"]
[EventCountry "GER"]
[EventRounds "11"]
[EventType "swiss"]
[EventDate "2009.05.30"]

1. e4 e5 2. Nf3 Nf6 3. Nc3 Nc6 4. Bb5 Bb4 5. O-O O-O 6. d3 d6 7. Bg5 Bxc3 8.
bxc3 Bg4 9. Rb1 d5 10. exd5 Qxd5 11. c4 Bxf3 12. cxd5 Bxd1 13. dxc6 bxc6 14.
Bxc6 Bxc2 15. Rbc1 Bxd3 16. Rfd1 Rad8 17. Ba4 Rd4 18. Bb3 Rfd8 19. Be3 R4d7 20.
Bxa7 Bb5 21. Be3 Rxd1+ 22. Rxd1 Rxd1+ 23. Bxd1 Kf8 24. a4 Ba6 25. f3 Ke7 26.
Kf2 Kd6 27. Bb3 Nd5 28. Bc1 f5 29. Bb2 c5 30. Bc2 g6 31. h4 c4 32. Ba3+ Ke6
1/2-1/2

[Event "DEM U12/U12w 2009"]
[Site "Willingen GER"]
[Date "2009.06.04"]
[Round "8"]
[White "Ismail, Nabil"]
[Black "Kasel, Ronaldo"]
[Result "1/2-1/2"]
[Termination "normal"]
[Board "33"]
[WhiteElo "1400"]
[BlackElo "1544"]
[PlyCount "80"]
[BlackFideId "24660949"]
[EventCountry "GER"]
[EventRounds "11"]
[EventType "swiss"]
[EventDate "2009.05.30"]

1. e4 e5 2. Nf3 Nc6 3. Bc4 Bc5 4. c3 Nf6 5. d3 d6 6. O-O O-O 7. Nbd2 Bg4 8. Bb3
Qd7 9. Re1 b5 10. Nf1 b4 11. Be3 bxc3 12. bxc3 Ba3 13. Rb1 d5 14. exd5 Nxd5 15.
Bd2 Nb6 16. Bc1 Bd6 17. Ng3 Na5 18. Bc2 Qe6 19. Ra1 h5 20. h3 h4 21. Ne4 Bh5
22. Qe2 f5 23. Neg5 Qf6 24. Qe3 Nd5 25. Qd2 f4 26. Ne4 Qe7 27. Bd1 Nc6 28. Bb3
Bf7 29. Nfg5 Na5 30. Nxf7 Nxb3 31. Nh6+ gxh6 32. axb3 Nf6 33. Qd1 Nxe4 34. Rxe4
Qg5 35. d4 Qg6 36. Qd3 Kh8 37. Qf3 Qg7 38. dxe5 Bxe5 39. Bxf4 Bxc3 40. Ra6 Bf6
1/2-1/2

[Event "DEM U12/U12w 2009"]
[Site "Willingen GER"]
[Date "2009.06.04"]
[Round "8"]
[White "Zimmermann, Jasmin"]
[Black "Wendland, Tobias"]
[Result "0-1"]
[Termination "normal"]
[Board "34"]
[WhiteElo "1283"]
[BlackElo "1622"]
[PlyCount "40"]
[WhiteFideId "12900400"]
[BlackFideId "24662267"]
[EventCountry "GER"]
[EventRounds "11"]
[EventType "swiss"]
[EventDate "2009.05.30"]

1. e4 e6 2. d4 d5 3. Nd2 Nf6 4. e5 Nfd7 5. f4 c5 6. c3 Nc6 7. Ne2 cxd4 8. cxd4
Bb4 9. a3 Ba5 10. b4 Bb6 11. Nf3 O-O 12. b5 Na5 13. a4 f6 14. Ba3 Rf7 15. h4
fxe5 16. fxe5 Nc4 17. Ng5 Ba5+ 18. Nc3 Bxc3+ 19. Ke2 Bxa1 20. Nxe6 Qa5 0-1

[Event "DEM U12/U12w 2009"]
[Site "Willingen GER"]
[Date "2009.06.04"]
[Round "8"]
[White "Lagunow, Elina"]
[Black "Genath, Maren"]
[Result "1-0"]
[Termination "normal"]
[Board "35"]
[WhiteElo "1726"]
[BlackElo "924"]
[PlyCount "47"]
[WhiteFideId "4673387"]
[EventCountry "GER"]
[EventRounds "11"]
[EventType "swiss"]
[EventDate "2009.05.30"]

1. e4 e5 2. Nf3 Nc6 3. Bc4 Nf6 4. d3 Bc5 5. c3 a6 6. Nbd2 d5 7. exd5 Nxd5 8.
O-O O-O 9. Re1 Qd6 10. Ne4 Bxf2+ 11. Kxf2 Qd8 12. Qb3 Nce7 13. Nxe5 c6 14. Be3
b5 15. Bxd5 Nxd5 16. Nxc6 Qc7 17. Qxd5 Qxh2 18. Ne7+ Kh8 19. Qxa8 Qh4+ 20. Kg1
Qxe7 21. Bc5 Qb7 22. Qxb7 Bxb7 23. Bxf8 h6 24. Nd6 1-0

[Event "DEM U12/U12w 2009"]
[Site "Willingen GER"]
[Date "2009.06.04"]
[Round "8"]
[White "Huckebrink, Chris"]
[Black "Oltmanns, Bianca"]
[Result "1-0"]
[Termination "normal"]
[Board "36"]
[WhiteElo "1489"]
[BlackElo "1234"]
[PlyCount "153"]
[BlackFideId "24698008"]
[EventCountry "GER"]
[EventRounds "11"]
[EventType "swiss"]
[EventDate "2009.05.30"]

1. e4 c5 2. Nf3 e6 3. d4 cxd4 4. Nxd4 Nf6 5. Nc3 d6 6. Be3 Be7 7. Bd3 O-O 8. f4
Nc6 9. Nxc6 bxc6 10. g4 d5 11. exd5 exd5 12. Be2 Re8 13. g5 Nd7 14. Bf2 Bd6 15.
Bg3 Nb6 16. O-O Bh3 17. Re1 Qc7 18. Qd2 Re6 19. Bd3 Bc5+ 20. Bf2 Bxf2+ 21. Qxf2
Qd7 22. Rxe6 Qxe6 23. f5 Qe7 24. Qg3 Qc5+ 25. Kh1 Bxf5 26. Bxf5 d4 27. Qh3 g6
28. Ne4 Qxf5 29. Nf6+ Kf8 30. Nxh7+ Ke7 31. Re1+ Kd8 32. Qa3 Qd5+ 33. Kg1 Kc7
34. Qg3+ Kb7 35. Re7+ Ka6 36. Qd3+ Ka5 37. Qa3+ Kb5 38. Qb3+ Qxb3 39. axb3 c5
40. Rxf7 Re8 41. Rf2 Nd7 42. Nf6 Re1+ 43. Kg2 Ne5 44. c3 d3 45. Rd2 c4 46. b4
a5 47. bxa5 Kxa5 48. Kf2 Rc1 49. h4 Rc2 50. Ne4 Rc1 51. Kg3 Rf1 52. Rf2 Rxf2
53. Kxf2 Kb6 54. Kg3 Kc6 55. Kf4 Kd5 56. Nd2 Ke6 57. Ke4 Kd6 58. Nf3 Ke6 59.
Ke3 Kf5 60. Nxe5 Kxe5 61. b3 cxb3 62. Kxd3 Kf4 63. c4 Kg4 64. c5 Kxh4 65. c6 b2
66. Kc2 Kxg5 67. c7 b1=Q+ 68. Kxb1 Kh5 69. c8=Q g5 70. Qh3+ Kg6 71. Kc2 Kf6 72.
Kd3 Kg6 73. Ke4 Kg7 74. Kf5 Kf8 75. Qh7 Ke8 76. Ke6 Kd8 77. Qd7# 1-0

[Event "DEM U12/U12w 2009"]
[Site "Willingen GER"]
[Date "2009.06.04"]
[Round "8"]
[White "Velkina, Elina"]
[Black "Peters, Tom"]
[Result "0-1"]
[Termination "normal"]
[Board "37"]
[WhiteElo "1113"]
[BlackElo "1528"]
[PlyCount "52"]
[WhiteFideId "1271679"]
[BlackFideId "24694444"]
[EventCountry "GER"]
[EventRounds "11"]
[EventType "swiss"]
[EventDate "2009.05.30"]

1. e4 Nf6 2. Nc3 e5 3. Nf3 Nc6 4. Bc4 Nxe4 5. Nxe4 d5 6. Bxd5 Qxd5 7. Nc3 Qd8
8. d3 Bd6 9. h3 O-O 10. Be3 b6 11. d4 exd4 12. Nxd4 Nxd4 13. Bxd4 Re8+ 14. Be3
Bb7 15. O-O Qf6 16. Qg4 c5 17. Rfe1 Be5 18. Bd2 Rad8 19. Rad1 Rd4 20. Bg5 Rxg4
21. Bxf6 Rxg2+ 22. Kf1 gxf6 23. Rd7 Rh2 24. Ne2 Bg2+ 25. Kg1 Rh1+ 26. Kxg2 Rxe1
0-1

[Event "DEM U12/U12w 2009"]
[Site "Willingen GER"]
[Date "2009.06.04"]
[Round "8"]
[White "Rahimi, Anita"]
[Black "Schwarz, Larissa"]
[Result "1/2-1/2"]
[Termination "normal"]
[Board "38"]
[WhiteElo "1290"]
[BlackElo "1403"]
[PlyCount "124"]
[WhiteFideId "24692336"]
[BlackFideId "24699004"]
[EventCountry "GER"]
[EventRounds "11"]
[EventType "swiss"]
[EventDate "2009.05.30"]

1. d4 Nf6 2. Bf4 c5 3. c3 Qb6 4. Qc2 g6 5. e3 Bg7 6. Bd3 O-O 7. Nf3 d5 8. Nbd2
Nc6 9. O-O Bd7 10. h3 Rac8 11. Rac1 Rfe8 12. Rfe1 e6 13. dxc5 Qxc5 14. c4 e5
15. cxd5 Qxc2 16. Bxc2 Nxd5 17. Bg3 Ndb4 18. Bb1 Be6 19. a3 Nd5 20. Nc4 Rcd8
21. Ncxe5 Nxe5 22. Bxe5 Bxe5 23. Nxe5 Bxh3 24. Nxf7 Kxf7 25. gxh3 Kf8 26. Ba2
Nb6 27. Rc7 Re7 28. Rec1 Rdd7 29. Rxd7 Rxd7 30. Rc2 Ke7 31. Kg2 Kd6 32. Rd2+
Kc7 33. Rxd7+ Kxd7 34. f4 Na4 35. b4 Nc3 36. Bg8 h6 37. h4 Ke7 38. Kf3 Nb1 39.
a4 Nc3 40. Bb3 Kf6 41. Kg4 h5+ 42. Kf3 Kf5 43. Bc2+ Kf6 44. e4 b6 45. e5+ Kf7
46. Bb3+ Ke7 47. Ke3 b5 48. a5 Na4 49. Bxa4 bxa4 50. Kd3 Ke6 51. Kc3 g5 52. b5
gxh4 53. b6 axb6 54. axb6 h3 55. b7 h2 56. b8=Q h1=Q 57. Qd6+ Kf7 58. Qd7+ Kf8
59. Qxa4 Qc1+ 60. Kd3 Qb1+ 61. Kd4 Qg1+ 62. Kd5 Qg2+ 1/2-1/2

[Event "DEM U12/U12w 2009"]
[Site "Willingen GER"]
[Date "2009.06.04"]
[Round "8"]
[White "Edel, Fenja"]
[Black "Siegert, Gregor"]
[Result "0-1"]
[Termination "normal"]
[Board "39"]
[WhiteElo "1142"]
[BlackElo "1392"]
[PlyCount "94"]
[WhiteFideId "24696749"]
[BlackFideId "1271250"]
[EventCountry "GER"]
[EventRounds "11"]
[EventType "swiss"]
[EventDate "2009.05.30"]

1. d4 Nf6 2. e3 g6 3. Nf3 Bg7 4. b3 d6 5. Bb2 O-O 6. Nc3 Nfd7 7. Bc4 e5 8. O-O
Kh8 9. dxe5 Nxe5 10. Nxe5 Bxe5 11. Qf3 f5 12. Rfd1 Nc6 13. Rab1 Bd7 14. a4 Na5
15. Bd3 Bc6 16. Qe2 f4 17. Qe1 f3 18. g3 Bd7 19. Be4 Qg5 20. Qf1 Qh5 21. Nd5
Bxb2 22. Rxb2 Qe5 23. Nxc7 Qxb2 24. Nxa8 Rxa8 25. Rxd6 Bc6 26. Bxc6 Nxc6 27.
Qc4 Qc1+ 28. Qf1 Qxf1+ 29. Kxf1 Rd8 30. Rxd8+ Nxd8 31. Ke1 Kg7 32. Kd2 Kf6 33.
e4 g5 34. h3 g4 35. h4 Ke5 36. Ke3 h5 37. c4 Ne6 38. b4 a5 39. bxa5 Nc5 40. a6
Nxa6 41. a5 Nc5 42. Kd2 Kxe4 43. Kc3 Nd3 44. Kd2 Kd4 45. Kc2 Nxf2 46. Kd2 Nd3
47. Kd1 Ke3 0-1

[Event "DEM U12/U12w 2009"]
[Site "Willingen GER"]
[Date "2009.06.04"]
[Round "8"]
[White "Mehling, Katharina"]
[Black "Diederichs, Luise"]
[Result "1-0"]
[Termination "normal"]
[Board "40"]
[WhiteElo "1352"]
[BlackElo "1209"]
[PlyCount "41"]
[WhiteFideId "12900362"]
[BlackFideId "24661597"]
[EventCountry "GER"]
[EventRounds "11"]
[EventType "swiss"]
[EventDate "2009.05.30"]

1. e4 e6 2. d4 d5 3. Nd2 dxe4 4. Nxe4 Nd7 5. Nf3 Ngf6 6. Bd3 Nxe4 7. Bxe4 Nf6
8. Bd3 Be7 9. c3 Bd7 10. O-O Bd6 11. Re1 c6 12. Ne5 Qc7 13. Bd2 Rf8 14. Bf4
O-O-O 15. Bg3 Be8 16. Bc2 c5 17. Qe2 cxd4 18. cxd4 Kb8 19. Bb3 Qb6 20. Rad1 Bb4
21. Nc4+ 1-0

[Event "DEM U12/U12w 2009"]
[Site "Willingen GER"]
[Date "2009.06.04"]
[Round "8"]
[White "Lemke, Berfîn"]
[Black "Herbrig, Marie-Helen"]
[Result "1-0"]
[Termination "normal"]
[Board "41"]
[WhiteElo "1312"]
[BlackElo "1248"]
[PlyCount "131"]
[WhiteFideId "1270578"]
[BlackFideId "12900427"]
[EventCountry "GER"]
[EventRounds "11"]
[EventType "swiss"]
[EventDate "2009.05.30"]

1. e4 c5 2. Nf3 e6 3. d4 cxd4 4. Nxd4 a6 5. Nc3 Qc7 6. Be3 Bb4 7. Nde2 Nf6 8.
a3 Be7 9. Nd4 b5 10. Qd3 Bb7 11. Be2 Nc6 12. f3 O-O 13. O-O d6 14. f4 Rad8 15.
Bf3 Rfe8 16. Rae1 Nb8 17. Nce2 Nbd7 18. Nb3 Rc8 19. c3 Qd8 20. Ng3 Rc4 21. Bd2
Nc5 22. Nxc5 Rxc5 23. Be3 Rc8 24. e5 Nd5 25. exd6 Bxd6 26. Qd2 Qd7 27. Bd1 Red8
28. Kh1 Kh8 29. Bc2 Qc6 30. Re2 Nf6 31. Bd4 Bc5 32. Rd1 h6 33. Qd3 Bxd4 34.
cxd4 Qc7 35. Nh5 Ne4 36. Rf1 g6 37. Ng3 Nf6 38. Rd2 Nd5 39. Ne2 Qd6 40. h4 Nf6
41. Ng3 Rc4 42. Ne2 Qd5 43. Qh3 Rdc8 44. Bb3 Ne4 45. Rdd1 Qc6 46. Bxc4 Qxc4 47.
Qe3 Qd5 48. Qf3 Rc2 49. Rfe1 Rxb2 50. Rb1 Rc2 51. Kg1 Qd7 52. Qd3 Rd2 53. Qe3
Rc2 54. f5 exf5 55. Qxh6+ Kg8 56. h5 Rc6 57. Qe3 Kh7 58. Kh2 Qd6+ 59. Kg1 Rc7
60. Qh3 Qf6 61. hxg6+ Kxg6 62. Ng3 Qxd4+ 63. Kh2 Qe5 64. Re3 f4 65. Qg4+ Kh6
66. Nf5+ 1-0